=LDR 00000nam 2200000 4500 =001 INLIS000000000006145 =005 20130612094317 =008 ***********************************Ind** =035 ##$$0010-061300000006145 =041 ##$$a Ind =082 ##$$a 212 =090 ##$$a 212, Rus p =100 ##$$a RUSSEL, D.C =245 ##$$a Penyingkapan Ilahi, Pengantar ke dalam Apokaliptik Yahudi, D.S. Russell; Diterjemahkan oleh, Joanes Rakhmat. -- =260 ##$$a 1993 $b Jakarta =300 ##$$a ix, 185 hlm, 19 cm =650 ##$$a Apokaliptik - Masalah =700 ##$$a RAHMAT, Joanes =850 ##$$a NBPNMAT